<?xml version="1.0" encoding="UTF-8"?>
<record
    xmlns:xsi="http://www.w3.org/2001/XMLSchema-instance"
    xsi:schemaLocation="http://www.loc.gov/MARC21/slim http://www.loc.gov/standards/marcxml/schema/MARC21slim.xsd"
    xmlns="http://www.loc.gov/MARC21/slim">

  <leader>00850nam a2200145Ia 4500</leader>
  <controlfield tag="008">120629s9999    xx            000 0 und d</controlfield>
  <datafield tag="020" ind1=" " ind2=" ">
    <subfield code="a">978-607-450-108-7</subfield>
  </datafield>
  <datafield tag="082" ind1=" " ind2=" ">
    <subfield code="a">C 371.3345360296 A185t</subfield>
  </datafield>
  <datafield tag="100" ind1=" " ind2=" ">
    <subfield code="a">Acosta V&#xE9;lez, Jaime</subfield>
  </datafield>
  <datafield tag="245" ind1=" " ind2=" ">
    <subfield code="a">Tecnolog&#xED;as de la informaci&#xF3;n II : gu&#xED;a de aprendizaje para el bachillerato general por competencias / Jaime Acosta V&#xE9;lez, Ra&#xFA;l Antonio Mart&#xED;nez S&#xE1;nchez, Francisco Mercado Franco, Luis Mexitli Orozco Torres</subfield>
  </datafield>
  <datafield tag="260" ind1=" " ind2=" ">
    <subfield code="a">M&#xE9;xico : Universitaria, Universidad de Guadalajara, Sistema de Educaci&#xF3;n Media Superior</subfield>
  </datafield>
  <datafield tag="300" ind1=" " ind2=" ">
    <subfield code="a">162 p</subfield>
  </datafield>
  <datafield tag="500" ind1=" " ind2=" ">
    <subfield code="a">Bibliograf&#xED;a</subfield>
  </datafield>
  <datafield tag="650" ind1=" " ind2=" ">
    <subfield code="a">1.TECNOLOG&#xCD;A DE LA INFORMACI&#xD3;N-ENSE&#xD1;ANZA \ 2.INNOVACIONES EDUCATIVAS  \ 3.TECNOLOG&#xCD;A EDUCATIVA \ 4. SOFTWARE EDUCATIVO \ 5. ENSE&#xD1;ANZA PROGRAMADA \ 6. TECNOLOGIA DIDACTICA-COMPUTACION \ 7. COMPUTADORA-INSTRUCCION ASISTIDA&#xCC;</subfield>
  </datafield>
  <datafield tag="952" ind1=" " ind2=" ">
    <subfield code="0">0</subfield>
    <subfield code="1">0</subfield>
    <subfield code="4">0</subfield>
    <subfield code="7">0</subfield>
    <subfield code="a">15</subfield>
    <subfield code="b">15</subfield>
    <subfield code="d">2010-07-13</subfield>
    <subfield code="l">0</subfield>
    <subfield code="o">C 371.3345360296 A185T</subfield>
    <subfield code="p">15 004306</subfield>
    <subfield code="r">2017-12-07</subfield>
    <subfield code="t">3</subfield>
    <subfield code="w">2012-06-28</subfield>
    <subfield code="y">LB</subfield>
  </datafield>
  <datafield tag="952" ind1=" " ind2=" ">
    <subfield code="0">0</subfield>
    <subfield code="1">0</subfield>
    <subfield code="4">0</subfield>
    <subfield code="7">0</subfield>
    <subfield code="a">15</subfield>
    <subfield code="b">15</subfield>
    <subfield code="d">2010-07-13</subfield>
    <subfield code="l">0</subfield>
    <subfield code="o">C 371.3345360296 A185T</subfield>
    <subfield code="p">15 004307</subfield>
    <subfield code="r">2017-12-07</subfield>
    <subfield code="t">2</subfield>
    <subfield code="w">2012-06-28</subfield>
    <subfield code="y">LB</subfield>
  </datafield>
  <datafield tag="952" ind1=" " ind2=" ">
    <subfield code="0">0</subfield>
    <subfield code="1">0</subfield>
    <subfield code="4">0</subfield>
    <subfield code="7">0</subfield>
    <subfield code="a">15</subfield>
    <subfield code="b">15</subfield>
    <subfield code="d">2010-07-13</subfield>
    <subfield code="l">0</subfield>
    <subfield code="o">C 371.3345360296 A185T</subfield>
    <subfield code="p">15 004308</subfield>
    <subfield code="r">2017-12-07</subfield>
    <subfield code="t">1</subfield>
    <subfield code="w">2012-06-28</subfield>
    <subfield code="y">LB</subfield>
  </datafield>
  <datafield tag="999" ind1=" " ind2=" ">
    <subfield code="c">77216</subfield>
    <subfield code="d">77216</subfield>
  </datafield>
</record>
